Catalog

Record Details

Catalog Search



Turn right at Machu Picchu : rediscovering the ... Read More

Available copies

  • 2 of 2 copies available at LARL/NWRL Consortium.
  • 2 of 2 copies available at Northwest Regional Library. (Show preferred library)

Current holds

0 current holds with 2 total copies.

Show Only Available Copies
Location Call Number / Copy Notes Barcode Shelving Location Status Due Date
Red Lake Falls Public Library 985.37 ADA (Text) 35500004934517 Main Available -
Roseau Public Library 985.37 ADA (Text) 35500005062474 Main Available -

Record details

  • ISBN: 9780525952244
  • ISBN: 0525952241
  • Physical Description: 333 p., [16] p. of plates : ill., maps ; 24 cm.
  • Publisher: New York : Dutton, c2011.

Content descriptions

Bibliography, etc. Note:
Includes bibliographical references and index.
Summary, etc.:
Traces the author's recreation of Hiram Bingham ... Read More
Subject: Adams, Mark, 1967- > Travel > Peru > Machu Picchu Site.
Machu Picchu Site (Peru)
Cultural property > Protection > Peru > Machu Picchu Site.
Bingham, Hiram, 1875-1956.
LDR 02010cam a2200409 a 4500
001132880
003LARL_NWRL_CONSORTIUM
00520110725150640.0
008110314s2011 nyuabf b 001 0deng
010 . ‡a2011010211
020 . ‡a9780525952244
020 . ‡a0525952241
035 . ‡a(OCoLC)671703571
040 . ‡aDLC ‡cDLC ‡dYDX ‡dBTCTA ‡dYDXCP ‡dLIV ‡dOCO ‡dUPZ ‡dBWX ‡dVP@
042 . ‡apcc
043 . ‡as-pe---
05000. ‡aF3429.1.M3 ‡bA43 2011
08200. ‡a985/.37 ‡222
1001 . ‡aAdams, Mark, ‡d1967- ‡0(LARL_NWRL_CONSORTIUM)221887
24510. ‡aTurn right at Machu Picchu : ‡brediscovering the lost city one step at a time / ‡cMark Adams.
260 . ‡aNew York : ‡bDutton, ‡cc2011.
300 . ‡a333 p., [16] p. of plates : ‡bill., maps ; ‡c24 cm.
520 . ‡aTraces the author's recreation of Hiram Bingham III's discovery of the ancient citadel, Machu Picchu, in the Andes Mountains of Peru, describing his struggles with rudimentary survival tools and his experiences at the sides of local guides.
504 . ‡aIncludes bibliographical references and index.
60010. ‡aAdams, Mark, ‡d1967- ‡xTravel ‡zPeru ‡zMachu Picchu Site.
651 0. ‡aMachu Picchu Site (Peru) ‡0(LARL_NWRL_CONSORTIUM)24925
650 0. ‡aCultural property ‡xProtection ‡zPeru ‡zMachu Picchu Site.
60010. ‡aBingham, Hiram, ‡d1875-1956.
948 . ‡hHELD BY LAL - 392 OTHER HOLDINGS
994 . ‡aZ0 ‡bLAL
901 . ‡a132880 ‡bOCLC ‡c132880 ‡tbiblio

Additional Resources